Lembaga Tembakau Negara Malaysia dan peranannya dalam pembangunan negeri Kedah Darul Aman (Record no. 97671)

MARC details
000 -LEADER
fixed length control field 00732nam a2200193 i 4500
001 - CONTROL NUMBER
control field C2-0292833
003 - CONTROL NUMBER IDENTIFIER
control field PPAK
005 - DATE AND TIME OF LATEST TRANSACTION
control field 20180728024821.0
008 - FIXED-LENGTH DATA ELEMENTS--GENERAL INFORMATION
fixed length control field 090111s1990 my |||| ||||| | may d
040 ## - CATALOGING SOURCE
Original cataloging agency PPAK
Language of cataloging eng
Transcribing agency PPAK
Description conventions rda
100 1# - MAIN ENTRY--PERSONAL NAME
Personal name En.Abd. Muthalib b. Madarsa,En.Idris b. Mohd Salleh.,
Relator term author
245 10 - TITLE STATEMENT
Title Lembaga Tembakau Negara Malaysia dan peranannya dalam pembangunan negeri Kedah Darul Aman
Remainder of title Taklimat kepada ahli mesyuarat jawatankuasa pembangunan pertanian negeri Kedah
264 #1 - PRODUCTION, PUBLICATION, DISTRIBUTION, MANUFACTURE, AND COPYRIGHT NOTICE
Place of production, publication, distribution, manufacture Jitra, Kedah :
Name of producer, publisher, distributor, manufacturer Lembaga Tembakau Negara Malaysia Cawangan Kedah / Perlis. ,
Date of production, publication, distribution, manufacture, or copyright notice 1990
300 ## - PHYSICAL DESCRIPTION
Extent 19 pages
336 ## - CONTENT TYPE
Source rdacontent
Content type term text
337 ## - MEDIA TYPE
Source rdamedia
Media type term unmediated
338 ## - CARRIER TYPE
Source rdacarrier
Carrier type term volume
942 ## - ADDED ENTRY ELEMENTS (KOHA)
-- dc
Koha item type Book

No items available.